| 000 | 00886nam a2200205Ia 4500 | ||
|---|---|---|---|
| 008 | 220216s9999 xx 000 0 und d | ||
| 100 | _aYan Meng Qing | ||
| 245 | 0 | _aStudy on the ecological benefits of the rubber-tea-chicken agroforestry system in the tropical region of China | |
| 260 |
_bActa Agriculturae Zhejiangensis _c1999 |
||
| 300 | _a193-195 | ||
| 500 | _aSource Year: 2000 | ||
| 520 | _aA study in Wenchang, Hainan, China, showed that compared with monocropping and intercropping rubber [Hevea brasiliensis], a rubber-tea [Camellia sinensis]- chicken agroforestry system improved soil physical structure and fertility, which increased the yield of rubber and tea and the quality of the chicken. | ||
| 650 | _aAgroforestry | ||
| 650 | _aRubber-tea-chicken | ||
| 700 | _aLiJiao Yan | ||
| 700 | _aXuJun Ye | ||
| 700 | _aZhaoQian Wang | ||
| 856 | _uHOA | ||
| 942 | _cJS | ||
| 999 |
_c69858 _d69858 |
||